000 00328pam a2200121a 44500
008 230405s2021 xxu||||| |||| 00| 0 eng d
041 _aENG
100 _aDR S.B.BHISE / M M.S. BHISE
245 _aBIOCHEMISTRY AND CLINICAL PATHOLOGY ( DR S.B.BHISE
260 _aPUNE
_bNIRALI PRAKASHAN
_c2021
300 _a13.8
906 _a3080
999 _c278351
_d278351